Ellwood tables for real estate appraising and financing

Bibliographic Details
Main Author: Ellwood, L.W
Format: Book
Published: Illnois USA : American Institute of Real Estate Appraisers , 1970
Edition:3th edition
Subjects:

MARC

LEADER 00000cam a2200000 7i4500
001 0000008076
005 20161121.0
040 |a INS 
090 0 0 |a HD1387   |b E44 1970 
100 1 |a Ellwood, L.W 
245 1 0 |a Ellwood tables for real estate appraising and financing   |c L.W. Ellwood 
250 |a 3th edition 
260 |a Illnois USA :   |b American Institute of Real Estate Appraisers ,   |c 1970 
300 |a 134 p. ;   |c 25 cm. 
650 0 |a Real property   |x Valuation   |x Tables 
999 |a 0000022655   |b BOOK   |c Open Shelf   |e Default branch 
999 |a 0000022731   |b BOOK   |c Open Shelf   |e Default branch